Australija - opšte znanje - Statistics

General Stats
  • This quiz has been taken 11 times
  • The average score is 4 of 20
Answer Stats
Pitanje Odgovor % Correct
Koja je nacionalna životinja Australije? Kengur/Emu
100%
Koje je tradicionalno oružje Aboridžina? Bumerang
33%
"Najusamljeniji milionski grad"? Pert
33%
Najveći koralni greben na svetu? Veliki koralni greben
33%
Ko je otkrio Van Dimenovu (Tasmaniju) zemlju? Abel Tasman
22%
iz koje zemlje su prvi moreplovci koji su pokušali da otkriju Australiju? Holandija
22%
Koja savezna država ima najviše stanovnika? Novi Južni Vels
22%
Najpoznatija znamenitost u Sidneju? Sidnejska Opera
22%
Koja je najveća savezna država po površini? Zapadna Australija
22%
Kako se zove najviši vrh Australije? Koscusko
11%
Koja je najduža reka Australije? Mari
11%
Koji tip klime je zastupljen na jugozapadu i jugu Australije i Tasmanije Sredozemna
11%
Poznata stena koja je sveto mesto Aboridžina? Uluru
11%
Koje godine su prvi kažnjenici uplovili u zaliv Biljaka? 1788
0%
Koje godine je Australija dobila nezavisnost? 1900
0%
Koje sazvežđe se nalazi na zvaničnoj zastavi Australije? Južni krst
0%
Lokalitet u kom su pronađeni najstariji otaci čoveka na tlu Australije? Mungo
0%
Nacionalni dragi kamen Australije? Opal
0%
Koji rt je najsevernija tačka kontinentalnog dela Australije? rt Jork
0%
Kako se naziva pustinjska vegetacija u Australiji? Spinifeks
0%
No matching quizzes found
Score Distribution
Percent of People with Each Score
Percentile by Number Answered
Your Score History
You have not taken this quiz